[Event "Stay Safe Play From Home 216"]
[Site "T#646701Emanuel Laske"]
[Date "2020.06.10"]
[Round "4"]
[White "Haris kollari 13"]
[Black "Don59as"]
[Result "0-1"]
[WhiteElo "1945"]
[BlackElo "2019"]
[Annotator "NA RC"]
[PlyCount "132"]
[EventDate "2020.06.10"]
[EventType "swiss (blitz)"]

1. e4 {[%emt 0:00:01]} e5 {[%emt 0:00:01]} 2. Nf3 {[%emt 0:00:01]} Nc6 {[%emt 0:00:01]} 3. Bb5 {[%emt 0:00:02]} f5 {[%emt 0:00:01]} 4. exf5 {[%emt 0:00:03]} e4 {[%emt 0:00:00]} 5. Qe2 {[%emt 0:00:00]} Qe7 {[%emt 0:00:01]} 6. Bxc6 {[%emt 0:00:02]} dxc6 {[%emt 0:00:00]} 7. Nd4 {[%emt 0:00:01]} Nf6 {[%emt 0:00:01]} 8. Nc3 {[%emt 0:00:04]} Qe5 {[%emt 0:00:01]} 9. Ne6 {[%emt 0:00:04]} Bxe6 {[%emt 0:00:02]} 10. fxe6 {[%emt 0:00:01]} Bd6 {[%emt 0:00:02]} 11. g3 {[%emt 0:00:03]} O-O {[%emt 0:00:12]} 12. O-O {[%emt 0:00:01]} Rae8 {[%emt 0:00:06]} 13. Re1 {[%emt 0:00:03]} Qxe6 {[%emt 0:00:03]} 14. d3 {[%emt 0:00:02]} Bb4 {[%emt 0:00:16]} 15. f3 {[%emt 0:00:04]} Bc5+ {[%emt 0:00:23]} 16. Kh1 {[%emt 0:00:02]} e3 {[%emt 0:00:16]} 17. Ne4 {[%emt 0:00:13]} Nxe4 {[%emt 0:00:04]} 18. dxe4 {[%emt 0:00:01]} Qf6 {[%emt 0:00:06]} 19. Kg2 {[%emt 0:00:04]} Kh8 {[%emt 0:00:18]} 20. c3 {[%emt 0:00:01]} g5 {[%emt 0:00:08]} 21. Bxe3 {[%emt 0:00:01]} Bxe3 {[%emt 0:00:02]} 22. Qxe3 {[%emt 0:00:01]} h6 {[%emt 0:00:06]} 23. Rad1 {[%emt 0:00:05]} Re7 {[%emt 0:00:02]} 24. Qd4 {[%emt 0:00:01]} Qxd4 {[%emt 0:00:03]} 25. cxd4 {[%emt 0:00:02]} Rd8 {[%emt 0:00:03]} 26. Rd3 {[%emt 0:00:07]} c5 {[%emt 0:00:05]} 27. d5 {[%emt 0:00:02]} c4 {[%emt 0:00:01]} 28. Rc3 {[%emt 0:00:05]} Rxd5 {[%emt 0:00:08]} 29. Rec1 {[%emt 0:00:01]} Rd2+ {[%emt 0:00:02]} 30. Kh3 {[%emt 0:00:01]} Rxb2 {[%emt 0:00:06]} 31. Rxc4 {[%emt 0:00:01]} c6 {[%emt 0:00:03]} 32. R4c2 {[%emt 0:00:07]} Rxc2 {[%emt 0:00:05]} 33. Rxc2 {[%emt 0:00:01]} Kg7 {[%emt 0:00:01]} 34. Kg4 {[%emt 0:00:01]} Kg6 {[%emt 0:00:00]} 35. Rd2 {[%emt 0:00:01]} h5+ {[%emt 0:00:01]} 36. Kh3 {[%emt 0:00:01]} g4+ {[%emt 0:00:05]} 37. Kg2 {[%emt 0:00:06]} gxf3+ {[%emt 0:00:04]} 38. Kxf3 {[%emt 0:00:01]} Rc7 {[%emt 0:00:08]} 39. Kf4 {[%emt 0:00:02]} c5 {[%emt 0:00:01]} 40. e5 {[%emt 0:00:03]} c4 {[%emt 0:00:03]} 41. Ke4 {[%emt 0:00:01]} c3 {[%emt 0:00:04]} 42. Rc2 {[%emt 0:00:01]} b5 {[%emt 0:00:01]} 43. a3 {[%emt 0:00:01]} a5 {[%emt 0:00:01]} 44. Kd4 {[%emt 0:00:01]} b4 {[%emt 0:00:01]} 45. Kd3 {[%emt 0:00:05]} Kf5 {[%emt 0:00:02]} 46. Rf2+ {[%emt 0:00:02]} Kxe5 {[%emt 0:00:04]} 47. Kc2 {[%emt 0:00:01]} Rb7 {[%emt 0:00:13]} 48. Kb3 {[%emt 0:00:02]} a4+ {[%emt 0:00:03]} 49. Kc2 {[%emt 0:00:14]} bxa3 {[%emt 0:00:19]} 50. Kxc3 {[%emt 0:00:01]} Rb3+ {[%emt 0:00:01]} 51. Kc4 {[%emt 0:00:08]} Rb2 {[%emt 0:00:02]} 52. Rf3 {[%emt 0:00:03]} a2 {[%emt 0:00:05]} 53. Ra3 {[%emt 0:00:01]} Rxh2 {[%emt 0:00:02]} 54. Rxa4 {[%emt 0:00:03]} Ke4 {[%emt 0:00:06]} 55. Kb3+ {[%emt 0:00:09]} Kf3 {[%emt 0:00:02]} 56. Ra8 {[%emt 0:00:08]} Kxg3 {[%emt 0:00:02]} 57. Kc3 {[%emt 0:00:01]} h4 {[%emt 0:00:04]} 58. Kd3 {[%emt 0:00:00]} Rg2 {[%emt 0:00:01]} 59. Ke3 {[%emt 0:00:06]} h3 {[%emt 0:00:01]} 60. Rg8+ {[%emt 0:00:04]} Kh2 {[%emt 0:00:01]} 61. Ra8 {[%emt 0:00:01]} Kg1 {[%emt 0:00:02]} 62. Kf3 {[%emt 0:00:01]} h2 {[%emt 0:00:03]} 63. Rd8 {[%emt 0:00:10]} Rf2+ {[%emt 0:00:02]} 64. Ke3 {[%emt 0:00:05]} a1=Q {[%emt 0:00:02]} 65. Rg8+ {[%emt 0:00:01]} Rg2 {[%emt 0:00:01]} 66. Rxg2+ {[%emt 0:00:01]} Kxg2 {[%emt 0:00:01] Haris kollari 13 resigns (Lag: Av=0.66s, max=4.4s)} 0-1

[Event "Stay Safe Play From Home 216"]
[Site "T#646701Emanuel Laske"]
[Date "2020.06.10"]
[Round "4"]
[White "Edmatuag"]
[Black "Tunca"]
[Result "0-1"]
[WhiteElo "1680"]
[BlackElo "1679"]
[Annotator "NA RC"]
[PlyCount "64"]
[EventDate "2020.06.10"]
[EventType "swiss (blitz)"]

1. d4 {[%emt 0:00:02]} d5 {[%emt 0:00:02]} 2. Nf3 {[%emt 0:00:02]} Nc6 {[%emt 0:00:06]} 3. g3 {[%emt 0:00:00]} Bf5 {[%emt 0:00:09]} 4. Bg2 {[%emt 0:00:00]} e6 {[%emt 0:00:03]} 5. O-O {[%emt 0:00:02]} Nf6 {[%emt 0:00:01]} 6. Bg5 {[%emt 0:00:04]} h6 {[%emt 0:00:02]} 7. Bf4 {[%emt 0:00:03]} Bd6 {[%emt 0:00:02]} 8. Bxd6 {[%emt 0:00:03]} Qxd6 {[%emt 0:00:00]} 9. c4 {[%emt 0:00:02]} dxc4 {[%emt 0:00:06]} 10. Nc3 {[%emt 0:00:01]} O-O {[%emt 0:00:28]} 11. a3 {[%emt 0:00:20]} Rad8 {[%emt 0:00:14]} 12. e3 {[%emt 0:00:01]} Bd3 {[%emt 0:00:01]} 13. Re1 {[%emt 0:00:04]} Na5 {[%emt 0:00:20]} 14. Nd2 {[%emt 0:00:36]} Nd5 {[%emt 0:00:12]} 15. e4 {[%emt 0:00:16]} Nxc3 {[%emt 0:00:04]} 16. bxc3 {[%emt 0:00:00]} c5 {[%emt 0:00:04]} 17. d5 {[%emt 0:00:25]} exd5 {[%emt 0:00:06]} 18. exd5 {[%emt 0:00:01]} Rfe8 {[%emt 0:00:10]} 19. Rxe8+ {[%emt 0:00:26]} Rxe8 {[%emt 0:00:00]} 20. Qa4 {[%emt 0:00:01]} Re2 {[%emt 0:00:27]} 21. Rd1 {[%emt 0:00:42]} b6 {[%emt 0:00:12]} 22. Bf3 {[%emt 0:00:26]} Re7 {[%emt 0:00:18]} 23. Nf1 {[%emt 0:00:05]} Qf6 {[%emt 0:00:08]} 24. Kg2 {[%emt 0:00:10]} Qxc3 {[%emt 0:00:06]} 25. d6 {[%emt 0:00:06]} Re6 {[%emt 0:00:19]} 26. Qd7 {[%emt 0:00:13]} Qd4 {[%emt 0:00:06]} 27. Ne3 {[%emt 0:00:20]} Qxd6 {[%emt 0:00:11]} 28. Qxa7 {[%emt 0:00:03]} Qe5 {[%emt 0:00:14]} 29. Bg4 {[%emt 0:00:19]} f5 {[%emt 0:00:29]} 30. Bf3 {[%emt 0:00:01]} Nb3 {[%emt 0:00:03]} 31. Bd5 {[%emt 0:00:02]} Be4+ {[%emt 0:00:03]} 32. Bxe4 {[%emt 0:00:02]} Qxe4+ {[%emt 0:00:00] Time (Lag: Av=0.40s, max=0.5s)} 0-1

[Event "Stay Safe Play From Home 216"]
[Site "T#646701Emanuel Laske"]
[Date "2020.06.10"]
[Round "4"]
[White "EnigmaG"]
[Black "Justwatch"]
[Result "1-0"]
[WhiteElo "1678"]
[BlackElo "1569"]
[Annotator "NA RC"]
[PlyCount "37"]
[EventDate "2020.06.10"]
[EventType "swiss (blitz)"]

1. e4 {[%emt 0:00:01]} Nf6 {[%emt 0:00:00]} 2. Nc3 {[%emt 0:00:02]} e6 {[%emt 0:00:01]} 3. d4 {[%emt 0:00:01]} d6 {[%emt 0:00:01]} 4. Nf3 {[%emt 0:00:01]} b6 {[%emt 0:00:01]} 5. Bc4 {[%emt 0:00:04]} Bb7 {[%emt 0:00:02]} 6. Qe2 {[%emt 0:00:03]} Be7 {[%emt 0:00:01]} 7. O-O {[%emt 0:00:02]} O-O {[%emt 0:00:27]} 8. Be3 {[%emt 0:00:02]} Nbd7 {[%emt 0:00:47]} 9. Rad1 {[%emt 0:00:05]} a5 {[%emt 0:03:32]} 10. e5 {[%emt 0:00:03]} dxe5 {[%emt 0:00:01]} 11. dxe5 {[%emt 0:00:03]} Nd5 {[%emt 0:00:00]} 12. Nxd5 {[%emt 0:00:03]} Bxd5 {[%emt 0:00:00]} 13. Bxd5 {[%emt 0:00:01]} exd5 {[%emt 0:00:00]} 14. Rxd5 {[%emt 0:00:01]} Qc8 {[%emt 0:00:00]} 15. Rfd1 {[%emt 0:00:02]} Nc5 {[%emt 0:00:01]} 16. Nd4 {[%emt 0:00:14]} Ne6 {[%emt 0:00:01]} 17. Nc6 {[%emt 0:00:02]} Bc5 {[%emt 0:00:02]} 18. Bxc5 {[%emt 0:00:06]} Nxc5 {[%emt 0:00:00]} 19. Ne7+ {[%emt 0:00:01] Justwatch terk eder (Lag: Av=0.67s, max=1.1s)} 1-0

[Event "Stay Safe Play From Home 216"]
[Site "T#646701Emanuel Laske"]
[Date "2020.06.10"]
[Round "4"]
[White "Kat Stam"]
[Black "Little champs"]
[Result "0-1"]
[WhiteElo "1650"]
[BlackElo "2033"]
[Annotator "TA"]
[PlyCount "52"]
[EventDate "2020.06.10"]
[EventType "swiss (blitz)"]

{[%evp 9,52,21,18,17,8,10,16,14,18,-25,0,0,14,5,0,11,14,2,14,-4,30,-12,136,58,82,67,122,118,170,112,122,-618,-619,-598,-604,-596,-613,-649,-631,-29987,-29988,-29993,-29994,-29999,-29999]} 1. d4 Nf6 2. Nf3 d5 3. e3 c6 4. a3 g6 5. c4 Bg7 6. Nc3 {D04: Colle System.} O-O 7. Bd3 {[#]} b6 $146 ({Predecessor:} 7... Nbd7 8. c5 Re8 9. b4 e5 10. dxe5 Nxe5 11. Nxe5 Rxe5 12. Ne2 d4 13. Bb2 dxe3 14. Bxe5 exf2+ {0-1 (25) Sattler,G (1744)-Krombach,K (1828) Berlin 2018}) 8. O-O {The position is equal.} Bb7 9. b3 Nbd7 10. Bb2 Rc8 11. Qe2 c5 12. Rfe1 e6 13. Nb5 dxc4 14. Bxc4 cxd4 15. Nfxd4 a5 (15... e5 $11 16. Nf3 a6) 16. Rad1 ({Better is} 16. Nd6 $16) 16... Qe7 $14 17. Na7 Rc5 {[#]} (17... Rc7 $14) 18. b4 $1 $16 {[%cal Rb4c5]} Rg5 (18... Rh5 $16) 19. Nac6 (19. Ndc6 $18 Qe8 20. e4) 19... Qd6 20. Nxe6 $2 {[%mdl 8192] This costs White the game.} (20. f4 $16 Rd5 21. Bxd5 Nxd5 22. Rc1 Bxd4 23. Nxd4) 20... Qxc6 $19 {[%csl Gb7,Gg5][%cal Rc6g2]} 21. e4 fxe6 22. f4 Rh5 23. e5 Nd5 {[%mdl 64] [#] Double Attack, Discovered Attack} 24. g4 Nxf4 {[%cal Rf4h3] Black mates.} 25. Bxe6+ Qxe6 {[%cal Rf4h3]} 26. Qb5 Qxg4+ {Accuracy: White = 63%, Black = 53%.} 0-1

[Event "Stay Safe Play From Home 216"]
[Site "T#646701Emanuel Laske"]
[Date "2020.06.10"]
[Round "4"]
[White "Erdema"]
[Black "Egyptian-Silent-Hunter"]
[Result "0-1"]
[WhiteElo "1488"]
[BlackElo "1703"]
[Annotator "NA RC"]
[PlyCount "60"]
[EventDate "2020.06.10"]
[EventType "swiss (blitz)"]

1. e4 {[%emt 0:00:03]} e6 {[%emt 0:00:02]} 2. d4 {[%emt 0:00:02]} d5 {[%emt 0:00:01]} 3. exd5 {[%emt 0:00:01]} exd5 {[%emt 0:00:02]} 4. Bd3 {[%emt 0:00:01]} c5 {[%emt 0:00:01]} 5. b3 {[%emt 0:00:03]} Nf6 {[%emt 0:00:03]} 6. h3 {[%emt 0:00:02]} Bd6 {[%emt 0:00:02]} 7. Nf3 {[%emt 0:00:01]} O-O {[%emt 0:00:03]} 8. O-O {[%emt 0:00:00]} Nc6 {[%emt 0:00:08]} 9. Bb2 {[%emt 0:00:05]} Nb4 {[%emt 0:00:05]} 10. Be2 {[%emt 0:00:07]} Bf5 {[%emt 0:00:02]} 11. Na3 {[%emt 0:00:03]} Rc8 {[%emt 0:00:06]} 12. c3 {[%emt 0:00:04]} Nc6 {[%emt 0:00:05]} 13. dxc5 {[%emt 0:00:04]} Bxc5 {[%emt 0:00:03]} 14. b4 {[%emt 0:00:03]} Bb6 {[%emt 0:00:02]} 15. Bd3 {[%emt 0:00:02]} Qd7 {[%emt 0:00:22]} 16. Re1 {[%emt 0:00:09]} Bxh3 {[%emt 0:00:16]} 17. gxh3 {[%emt 0:00:07]} Qxh3 {[%emt 0:00:02]} 18. Nh2 {[%emt 0:00:04]} Bxf2+ {[%emt 0:00:13]} 19. Kxf2 {[%emt 0:00:08]} Qxh2+ {[%emt 0:00:02]} 20. Kf1 {[%emt 0:00:01]} Qh3+ {[%emt 0:00:07]} 21. Ke2 {[%emt 0:00:07]} Qh2+ {[%emt 0:00:11]} 22. Kf1 {[%emt 0:00:03]} Qxb2 {[%emt 0:00:02]} 23. Nc2 {[%emt 0:00:08]} Qxc3 {[%emt 0:00:03]} 24. a3 {[%emt 0:00:16]} Rce8 {[%emt 0:00:03]} 25. Be2 {[%emt 0:00:25]} Qh3+ {[%emt 0:00:07]} 26. Kg1 {[%emt 0:00:09]} Ne4 {[%emt 0:00:02]} 27. Bf3 {[%emt 0:00:05]} Qg3+ {[%emt 0:00:03]} 28. Bg2 {[%emt 0:00:04]} Qf2+ {[%emt 0:00:02]} 29. Kh2 {[%emt 0:00:02]} Re6 {[%emt 0:00:07]} 30. Kh3 {[%emt 0:00:17]} Qg3# {[%emt 0:00:04] (Lag: Av=0.67s, max=3.0s)} 0-1

[Event "Stay Safe Play From Home 216"]
[Site "T#646701Emanuel Laske"]
[Date "2020.06.10"]
[Round "5"]
[White "Little champs"]
[Black "EnigmaG"]
[Result "1-0"]
[WhiteElo "2036"]
[BlackElo "1690"]
[Annotator "TA"]
[PlyCount "89"]
[EventDate "2020.06.10"]
[EventType "swiss (blitz)"]

{[%evp 18,89,12,5,12,7,18,-30,0,-13,389,389,387,370,521,286,539,368,595,541,644,25,40,16,22,0,554,555,1241,843,902,946,927,924,1589,1630,2183,2050,29980,29981,29979,29979,29982,29983,29983,6527,29983,29982,29972,2061,5485,0,5806,4333,29981,29976,29983,29971,29983,29972,29968,6602,29978,29979,29981,29982,29989,29990,29991,29992,29992,29992,29992,29992]} 1. d4 e6 2. e3 Nf6 3. Nf3 d5 4. Be2 Bd6 5. O-O O-O 6. c4 c5 7. Nc3 dxc4 8. Bxc4 Nc6 9. dxc5 Bxc5 10. a3 b6 {D40: Queen's Gambit Declined: Semi-Tarrasch with 5 e3.} 11. b4 Bd6 12. Qc2 Bb7 {Black has an edge.} 13. Rd1 {[#] Threatens to win with Nb5.} Qc7 $146 {[%mdl 8192]} (13... Qe7 $11 {and Black is okay.}) ({Predecessor:} 13... Qe7 14. Bb2 Rac8 15. Qe2 Ne5 16. Ba6 Nxf3+ 17. gxf3 Bxa6 18. Qxa6 Rxc3 19. Bxc3 Nd5 {1-0 (34) Straver,R (2115)-Erwich,F (1949) Leiden 2015}) 14. Nb5 $1 $18 {[%csl LRc7,LRd6][%mdl 64] [#] Double Attack} Bxh2+ 15. Nxh2 Qe5 (15... Qe7 $142 16. Bb2 Rfd8) 16. Qc3 Qf5 $2 (16... Ne4 17. Qxe5 Nxe5) 17. Nd6 Qh5 $2 {[#]} (17... Ne4 18. Nxe4 Qxe4) 18. Bb2 Rad8 19. Nxb7 $2 (19. g4 $18 Qg5 20. f4) 19... Rxd1+ $11 20. Rxd1 Qxd1+ 21. Bf1 Rb8 $2 {[%mdl 8192] Black is now going downhill.} (21... Rc8 $1 $11) 22. Qxc6 $18 Qd2 23. Be5 Rf8 24. Bxf6 gxf6 25. Nd6 Rd8 26. Ne4 Qe1 27. Nxf6+ Kh8 28. Qe4 {[%csl Gf6][%cal Re4h7]} Kg7 29. Qxh7+ Kxf6 30. Qh4+ Kg7 31. Qxd8 (31. Qg5+ $142 Kh7 32. Ng4 Qa1 33. Qxd8 Kg7 34. Qg5+ Kf8 35. Ne5 Qb1 36. Qh5) 31... Qc3 32. Qg5+ Kf8 33. Qh6+ (33. Ng4 $142 a5 34. Nf6 Qe1 35. Nd7+ Ke8 36. Ne5 axb4 37. Qf6 Qd1 38. Qh8+ Ke7 39. Nc6+ {[%mdl 64] Double Attack} Kd7 40. Qd8+ {[%mdl 64] Double Attack} Kxc6 41. Qxd1) 33... Ke7 34. Qg5+ Kf8 $1 35. b5 Qxa3 36. Ng4 Qb2 37. Qd8+ Kg7 38. Qd4+ Qxd4 39. exd4 f5 40. Ne5 {White mates.} Kf6 41. Nc6 e5 42. dxe5+ Ke6 43. Bc4+ Kd7 44. Nxa7 Kc7 45. f3 {Accuracy: White = 57%, Black = 18%.} 1-0

[Event "Stay Safe Play From Home 216"]
[Site "T#646701Emanuel Laske"]
[Date "2020.06.10"]
[Round "5"]
[White "Don59as"]
[Black "Lazieri3"]
[Result "0-1"]
[WhiteElo "2032"]
[BlackElo "2103"]
[Annotator "NA RC"]
[PlyCount "50"]
[EventDate "2020.06.10"]
[EventType "swiss (blitz)"]

1. c4 {[%emt 0:00:01]} c6 {[%emt 0:00:00]} 2. b3 {[%emt 0:00:02]} d5 {[%emt 0:00:00]} 3. Bb2 {[%emt 0:00:01] Lazieri3 offers a draw} Nf6 {[%emt 0:00:01]} 4. g3 {[%emt 0:00:01]} Bf5 {[%emt 0:00:01]} 5. Bg2 {[%emt 0:00:01]} Qc8 {[%emt 0:00:01]} 6. h3 {[%emt 0:00:02]} e6 {[%emt 0:00:23]} 7. Nf3 {[%emt 0:00:03]} h6 {[%emt 0:00:01]} 8. g4 {[%emt 0:00:02]} Bh7 {[%emt 0:00:01]} 9. Nc3 {[%emt 0:00:02]} Bd6 {[%emt 0:00:02]} 10. Rc1 {[%emt 0:00:03]} O-O {[%emt 0:00:19]} 11. g5 {[%emt 0:00:09]} hxg5 {[%emt 0:00:03]} 12. Nxg5 {[%emt 0:00:01]} Bg6 {[%emt 0:00:00]} 13. cxd5 {[%emt 0:00:05]} exd5 {[%emt 0:00:04]} 14. h4 {[%emt 0:00:39]} Qg4 {[%emt 0:00:10]} 15. Bf3 {[%emt 0:00:05]} Qf5 {[%emt 0:00:03]} 16. Rg1 {[%emt 0:00:23]} Bh5 {[%emt 0:00:11]} 17. Bxh5 {[%emt 0:00:07]} Nxh5 {[%emt 0:00:00]} 18. e3 {[%emt 0:00:01]} Nf6 {[%emt 0:00:10]} 19. Ne2 {[%emt 0:00:09]} Nbd7 {[%emt 0:00:07]} 20. Nd4 {[%emt 0:00:07]} Qg6 {[%emt 0:00:18]} 21. f4 {[%emt 0:00:08]} Qh5 {[%emt 0:00:01]} 22. Ndf3 {[%emt 0:00:10]} Rfe8 {[%emt 0:00:04]} 23. Kf1 {[%emt 0:00:06]} Ng4 {[%emt 0:00:17]} 24. Kg2 {[%emt 0:00:19]} Rxe3 {[%emt 0:00:06]} 25. Kh3 {[%emt 0:00:05]} Nf2+ {[%emt 0:00:02] Don59as resigns (Lag: Av=0.54s, max=1.1s)} 0-1

[Event "Stay Safe Play From Home 216"]
[Site "T#646701Emanuel Laske"]
[Date "2020.06.10"]
[Round "5"]
[White "matanant"]
[Black "Dukic"]
[Result "0-1"]
[WhiteElo "1798"]
[BlackElo "1877"]
[Annotator "NA RC"]
[PlyCount "76"]
[EventDate "2020.06.10"]
[EventType "swiss (blitz)"]

1. e4 {[%emt 0:00:03]} c6 {[%emt 0:00:01]} 2. d4 {[%emt 0:00:02]} d6 {[%emt 0:00:01]} 3. f4 {[%emt 0:00:04]} Nd7 {[%emt 0:00:01]} 4. Nf3 {[%emt 0:00:01]} Qc7 {[%emt 0:00:01]} 5. c4 {[%emt 0:00:03]} e5 {[%emt 0:00:01]} 6. fxe5 {[%emt 0:00:02]} dxe5 {[%emt 0:00:02]} 7. d5 {[%emt 0:00:01]} Ngf6 {[%emt 0:00:01]} 8. Nc3 {[%emt 0:00:02]} Qa5 {[%emt 0:00:18]} 9. Bd2 {[%emt 0:00:06]} Qb6 {[%emt 0:00:02]} 10. b3 {[%emt 0:00:12]} Nc5 {[%emt 0:00:24]} 11. Qc2 {[%emt 0:00:08]} Bd6 {[%emt 0:00:34]} 12. Be3 {[%emt 0:00:16]} Ng4 {[%emt 0:00:04]} 13. Bg1 {[%emt 0:00:03]} a5 {[%emt 0:00:08]} 14. Be2 {[%emt 0:00:03]} O-O {[%emt 0:00:04]} 15. h3 {[%emt 0:00:03]} Nf6 {[%emt 0:00:03]} 16. Bf2 {[%emt 0:00:02]} Qd8 {[%emt 0:00:28]} 17. O-O {[%emt 0:00:05]} Nh5 {[%emt 0:00:02]} 18. Kh2 {[%emt 0:00:19]} Nf4 {[%emt 0:00:04]} 19. Bxc5 {[%emt 0:00:06]} Bxc5 {[%emt 0:00:06]} 20. Nxe5 {[%emt 0:00:01]} Nxe2 {[%emt 0:00:03]} 21. Qxe2 {[%emt 0:00:05]} Bd6 {[%emt 0:00:01]} 22. g3 {[%emt 0:00:31]} Bxe5 {[%emt 0:00:01]} 23. Rac1 {[%emt 0:00:02]} Qg5 {[%emt 0:00:06]} 24. Qg2 {[%emt 0:00:09]} h5 {[%emt 0:00:08]} 25. Ne2 {[%emt 0:00:07]} h4 {[%emt 0:00:01]} 26. Nf4 {[%emt 0:00:06]} f5 {[%emt 0:00:07]} 27. exf5 {[%emt 0:00:10]} Rxf5 {[%emt 0:00:09]} 28. Ne2 {[%emt 0:00:08]} hxg3+ {[%emt 0:00:09]} 29. Nxg3 {[%emt 0:00:02]} Bd7 {[%emt 0:00:13]} 30. Rxf5 {[%emt 0:00:12]} Bxf5 {[%emt 0:00:11]} 31. Re1 {[%emt 0:00:11]} Bd6 {[%emt 0:00:02]} 32. dxc6 {[%emt 0:00:04]} bxc6 {[%emt 0:00:02]} 33. Rg1 {[%emt 0:00:11]} Bd7 {[%emt 0:00:11]} 34. Qe4 {[%emt 0:00:09]} Qf4 {[%emt 0:00:15]} 35. Qg6 {[%emt 0:00:33]} Bf5 {[%emt 0:00:15]} 36. Qh5 {[%emt 0:00:13]} Rf8 {[%emt 0:00:09]} 37. Qe2 {[%emt 0:00:18]} Be4 {[%emt 0:00:08]} 38. Qb2 {[%emt 0:00:08]} Qf2+ {[%emt 0:00:06] Time (Lag: Av=0.68s, max=1.0s)} 0-1

[Event "Stay Safe Play From Home 216"]
[Site "T#646701Emanuel Laske"]
[Date "2020.06.10"]
[Round "5"]
[White "Egyptian-Silent-Hunter"]
[Black "Kat Stam"]
[Result "0-1"]
[WhiteElo "1710"]
[BlackElo "1647"]
[Annotator "NA RC"]
[PlyCount "50"]
[EventDate "2020.06.10"]
[EventType "swiss (blitz)"]

1. e4 {[%emt 0:00:02]} e5 {[%emt 0:00:01]} 2. Nf3 {[%emt 0:00:02]} Nc6 {[%emt 0:00:01]} 3. d4 {[%emt 0:00:02]} exd4 {[%emt 0:00:02]} 4. Nxd4 {[%emt 0:00:02]} d6 {[%emt 0:00:01]} 5. Bb5 {[%emt 0:00:04]} Bd7 {[%emt 0:00:02]} 6. Nc3 {[%emt 0:00:02]} Be7 {[%emt 0:00:02]} 7. O-O {[%emt 0:00:04]} Bf6 {[%emt 0:00:01]} 8. Be3 {[%emt 0:00:09]} Nge7 {[%emt 0:00:02]} 9. Kh1 {[%emt 0:00:04]} O-O {[%emt 0:00:01]} 10. f4 {[%emt 0:00:06]} Bxd4 {[%emt 0:00:32]} 11. Bxd4 {[%emt 0:00:06]} Nxd4 {[%emt 0:00:01]} 12. Qxd4 {[%emt 0:00:02]} Bxb5 {[%emt 0:00:03]} 13. Nxb5 {[%emt 0:00:04]} a6 {[%emt 0:00:01]} 14. Nc3 {[%emt 0:00:05]} Nc6 {[%emt 0:00:01]} 15. Qc4 {[%emt 0:00:13]} Qf6 {[%emt 0:00:01]} 16. Rad1 {[%emt 0:00:17]} Rfe8 {[%emt 0:00:25]} 17. Nd5 {[%emt 0:00:09]} Qd8 {[%emt 0:00:07]} 18. c3 {[%emt 0:00:04]} Rc8 {[%emt 0:00:16]} 19. b4 {[%emt 0:00:04]} Ne7 {[%emt 0:00:02]} 20. Ne3 {[%emt 0:00:50]} Qd7 {[%emt 0:00:08]} 21. f5 {[%emt 0:00:02]} Nc6 {[%emt 0:00:16]} 22. f6 {[%emt 0:00:17]} Ne5 {[%emt 0:00:03]} 23. Qe2 {[%emt 0:00:06]} Ng6 {[%emt 0:00:37]} 24. fxg7 {[%emt 0:00:06]} Rxe4 {[%emt 0:00:01]} 25. Nf5 {[%emt 0:00:04]} Rxe2 {[%emt 0:00:04] Egyptian-Silent-Hunter resigns (Lag: Av=0.57s, max=0.8s)} 0-1

[Event "Stay Safe Play From Home 216"]
[Site "T#646701Emanuel Laske"]
[Date "2020.06.10"]
[Round "5"]
[White "Tunca"]
[Black "Justwatch"]
[Result "0-1"]
[WhiteElo "1696"]
[BlackElo "1557"]
[Annotator "NA RC"]
[PlyCount "48"]
[EventDate "2020.06.10"]
[EventType "swiss (blitz)"]

1. e4 {[%emt 0:00:02]} Nf6 {[%emt 0:00:02]} 2. e5 {[%emt 0:00:14]} Nd5 {[%emt 0:00:03]} 3. g3 {[%emt 0:00:08]} Nc6 {[%emt 0:00:21]} 4. Bg2 {[%emt 0:00:01]} Nb6 {[%emt 0:00:02]} 5. Nf3 {[%emt 0:00:08]} d6 {[%emt 0:01:01]} 6. exd6 {[%emt 0:00:02]} cxd6 {[%emt 0:00:01]} 7. O-O {[%emt 0:00:00]} Bg4 {[%emt 0:00:01]} 8. d4 {[%emt 0:00:14]} g6 {[%emt 0:00:06]} 9. b3 {[%emt 0:00:09]} Bg7 {[%emt 0:00:02]} 10. Bb2 {[%emt 0:00:00]} O-O {[%emt 0:00:02]} 11. h3 {[%emt 0:00:23]} Bxf3 {[%emt 0:00:04]} 12. Bxf3 {[%emt 0:00:02]} Rb8 {[%emt 0:00:00]} 13. c4 {[%emt 0:00:04]} e6 {[%emt 0:00:02]} 14. Na3 {[%emt 0:00:10]} Ne7 {[%emt 0:00:04]} 15. Re1 {[%emt 0:00:08]} f5 {[%emt 0:00:11]} 16. Rxe6 {[%emt 0:00:03]} f4 {[%emt 0:00:02]} 17. Nb5 {[%emt 0:00:23]} fxg3 {[%emt 0:00:08]} 18. fxg3 {[%emt 0:00:00]} Nf5 {[%emt 0:00:02]} 19. Kh2 {[%emt 0:00:51]} Qg5 {[%emt 0:00:05]} 20. Qe1 {[%emt 0:00:12]} a6 {[%emt 0:00:12]} 21. Nc7 {[%emt 0:00:37]} Bxd4 {[%emt 0:00:03]} 22. Bc1 {[%emt 0:00:30]} Qd8 {[%emt 0:00:20]} 23. Rxg6+ {[%emt 0:00:16]} hxg6 {[%emt 0:00:02]} 24. Qe6+ {[%emt 0:00:02]} Kg7 {[%emt 0:00:01] Justwatch beraberlik teklif ediyor Tunca resigns (Lag: Av=0.39s, max=0.8s)} 0-1